Un diálogo sobre el poder y otras conversaciones

Bewaard in:
Bibliografische gegevens
Hoofdauteur: Foucault, Michel (Auteur)
Formaat: Boek
Taal:Spaans
Gepubliceerd in: Madrid Alianza 1981
Reeks:El libro de bolsillo, 816
Onderwerpen:
Tags: Voeg label toe
Geen labels, Wees de eerste die dit record labelt!

MARC

LEADER 00000nam a2200000 a 4500
001 UCX2503
003 CL-VaPUC
008 910605e19810000SP |||||||||||||||||spa|d
082 0 4 |a 301  |b FOU  |2 21 
100 |a Foucault, Michel  |e author  |9 257945 
245 1 3 |a Un diálogo sobre el poder y otras conversaciones 
300 |a 164 p 
942 |c BK 
945 |d 19910605 00:00:00 
260 |a Madrid  |b Alianza  |c 1981 
600 0 |a Foucault, Michel  |9 257945 
650 0 |a Poder (Ciencias sociales)  |9 255502 
650 0 |a Entrevistas  |9 265537 
583 |a last modification  |c 19910605 00:00:00  |k Rodrigo Vera 
490 0 |a El libro de bolsillo, 816 
999 |c 223510  |d 223508 
952 |0 0  |1 0  |4 0  |6 301_000000000000000_FOU_1981  |7 0  |8 A  |9 219406  |a FDOPOS  |b BIBEDU  |d 2019-11-15  |i 3937682  |l 2  |m 2  |o 301 FOU 1981  |p 3937682  |r 2025-01-22  |s 2024-08-28  |w 2019-11-15  |y BK  |k MLH